UBT Library

ORGANIZATIONAL BEHAVIOR AND MANAGEMENT (Record no. 60713)

000 -LEADER
fixed length control field 00370nam a22001457a 4500
008 - FIXED-LENGTH DATA ELEMENTS--GENERAL INFORMATION
fixed length control field 250514b ||||| |||| 00| 0 eng d
020 ## - INTERNATIONAL STANDARD BOOK NUMBER
International Standard Book Number 9780073530505
041 ## - LANGUAGE CODE
Language code of text/sound track or separate title eng
080 ## - UNIVERSAL DECIMAL CLASSIFICATION NUMBER
Edition identifier NINTH EDITION
Universal Decimal Classification number 338IVA
082 ## - DEWEY DECIMAL CLASSIFICATION NUMBER
Edition number 338IVA
Classification number 338IVA
100 ## - Rafti
Rafti 24
101 ## - Shkurtesa
Shkurtesa MENAGMENT
245 ## - TITLE STATEMENT
Title ORGANIZATIONAL BEHAVIOR AND MANAGEMENT
Statement of responsibility, etc JOHN M.IVANCEVICH
942 ## - ADDED ENTRY ELEMENTS (KOHA)
Source of classification or shelving scheme
Item type Books
Holdings
Withdrawn status Lost status Source of classification or shelving scheme Damaged status Not for loan Collection code Permanent location Current location Date acquired Total Checkouts Full call number Barcode Date last seen Price effective from Koha item type
          Koleksioni i përgjithshem UBT - Lipjan UBT - Lipjan 05/14/2025   338IVA 002-8000709990 05/14/2025 05/14/2025 Books
UBT Library © 2015-2024. All rights reserved University Education for Business and Technology